| 000 | 00380cam a22001217a 4500 | ||
|---|---|---|---|
| 008 | 180718b1995 xxu||||| |||| 00| 0 eng d | ||
| 082 | _aA75 T151N | ||
| 245 |
_aTamil Nadu district gazetteer: the Nilgiris _cedited by M.Gopalakrishanan |
||
| 260 |
_aMadras _bTamil Nadu State Gazetteers _c1995 |
||
| 300 | _a1367+p. | ||
| 650 | _aNilgiris - Gazetteers | ||
| 700 | _aGopalakrishanan, M. | ||
| 999 |
_c486486 _d486486 |
||